al-Qurʼān wa-Ḥuqūq al-insān, (Record no. 51208)
[ view plain ]
| 000 -LEADER | |
|---|---|
| fixed length control field | 00911cam a22002411 4500 |
| 001 - CONTROL NUMBER | |
| control field | ne 68005078 |
| 003 - CONTROL NUMBER IDENTIFIER | |
| control field | DLC |
| 005 - DATE AND TIME OF LATEST TRANSACTION | |
| control field | 20260227111852.0 |
| 008 - FIXED-LENGTH DATA ELEMENTS--GENERAL INFORMATION | |
| fixed length control field | 830120s1968 ua 000 0 ara |
| 010 ## - LIBRARY OF CONGRESS CONTROL NUMBER | |
| LC control number | ne 68005078 |
| 025 ## - OVERSEAS ACQUISITION NUMBER | |
| Overseas acquisition number | PL480:UAR-9774 |
| 035 ## - SYSTEM CONTROL NUMBER | |
| System control number | (OCoLC)9147001 |
| 040 ## - CATALOGING SOURCE | |
| Original cataloging agency | DLC |
| Transcribing agency | TU |
| Modifying agency | TU |
| -- | DLC |
| 042 ## - AUTHENTICATION CODE | |
| Authentication code | premarc |
| 050 00 - LIBRARY OF CONGRESS CALL NUMBER | |
| Classification number | BP134.M3 |
| Item number | B517 |
| 100 0# - MAIN ENTRY--PERSONAL NAME | |
| Personal name | Bint al-Shāṭiʼ. |
| 245 13 - TITLE STATEMENT | |
| Title | al-Qurʼān wa-Ḥuqūq al-insān, |
| Statement of responsibility, etc. | Muḥaḍarah ʻĀmmah li-ʻĀʼishah Abdul Raḥmān (Bint al-Shāṭiʼ) |
| 260 ## - PUBLICATION, DISTRIBUTION, ETC. | |
| Place of publication, distribution, etc. | [al-Qāhirah, |
| Name of publisher, distributor, etc. | Maṭbaʻat Mukhaymir |
| Date of publication, distribution, etc. | 1968?] |
| 300 ## - PHYSICAL DESCRIPTION | |
| Extent | 22 p. |
| Dimensions | 25 cm. |
| 490 1# - SERIES STATEMENT | |
| Series statement | Jāmiʻat Umm Durmān al-Islāmīyah. Muḥāḍarāt al-Mawsim al-Thaqāfī al-Thānī lil-ʻĀm al-Jāmiʻī 1967/1968. |
| 650 #0 - SUBJECT ADDED ENTRY--TOPICAL TERM | |
| Topical term or geographic name entry element | Theological anthropology |
| General subdivision | Islam |
| -- | Koranic teaching. |
| 810 2# - SERIES ADDED ENTRY--CORPORATE NAME | |
| Corporate name or jurisdiction name as entry element | Jāmiʻat Umm Durmān al-Islāmīyah. |
| Title of a work | Muḥāḍarāt al-Mawsim al-Thaqāfī. |
No items available.